000 005800000a22002050004500
090 _aAR
_b04443
245 1 0 _aMillipedes (Diplopoda) of the Brazilian pantanal
041 0 _aInglés
700 1 _aHoffman, R. L.
_998321
700 1 _aAdis, J.
_998322
700 1 _aMarques, M. I.
_998323
700 1 _aRaizer, J.
_998324
700 1 _aSilva, F.H.O.
_998325
700 1 _aRibeiro, R.A.K.
_998326
700 1 _aSilva, J. L.
_998327
700 1 _aPinheiro, T. G.
_998328
100 1 _aGolovatch, S. I.
_998329
942 _cARTICULO
773 1 _tAmazoniana
_h3-4
_q273-288
_d2005
_g18
999 _c13540
_d13540